| 000 | 00849naa a22002537a 4500 | ||
|---|---|---|---|
| 001 | BR7404931 | ||
| 003 | BR-BrBNA | ||
| 005 | 20250709164623.0 | ||
| 007 | ta | ||
| 008 | 250630b bl.|||m| |||| 00| 0 por d | ||
| 040 |
_aBR-BrBNA _bpor _cBiblioteca Nacional de Agricultura |
||
| 041 | _a(Pt) | ||
| 072 |
_aS10 _b0336 |
||
| 090 | _aS10 BR7404931 | ||
| 100 | 1 | _aFonseca, H. | |
| 245 | 1 | _aEstudo sobre a composicao do molho de soja choyu [Analise de alimento; Glycine max] | |
| 500 | _aRelatorio do bienio 1972/1973 Piracicaba, SP (Brasil): [nd]. p. 48 [Summary only] (BR7404931-AMS) | ||
| 650 | _aSOJA | ||
| 650 | _aANALISE DE ALIMENTO | ||
| 650 | _aCONDIMENTO | ||
| 490 | _aRelatorio - Escola Superior de Agricultura Luiz de Queiroz. Depto. de Tecnologia Rural (Brazil) | ||
| 942 |
_cAMS _2AGRIS |
||
| 909 |
_a202506 _bLúcia _c55 _dLúcia Elande |
||
| 999 |
_c332729 _d332729 |
||